V národnom parku Poloniny

Bibliographic Details
Main Author: Hoholíková, Tatiana, 1953- (Author)
Format: Article
Language:Slovak
PhysicalDescription:Fotogr.
ISSN:1335-6828
Subjects:

MARC

LEADER 00000nab a2200000 a 4500
001 vtls000888904
003 SK-MaSNL
005 20260302170344.0
008 041110c2004 xo wr|p|||||||000 b|slo
015 |a SNBRx2004/10  |2 snkbucl 
038 |a SNKBUCL 
040 |a SNKBUCL  |b slo  |c SNKBUCL  |e AACR2 
041 0 |a slo 
044 |a xo  |c SK 
080 |a 502.4  |x (437.6)  |2 UDC-MRF-SK2 
100 1 |a Hoholíková, Tatiana,  |d 1953-   |4 aut  |9 107834 
245 1 0 |a V národnom parku Poloniny  |c Táňa Hoholíková 
300 |b Fotogr. 
650 0 7 |a národné parky  |2 snkbucl  |9 3797 
651 7 |a Národný park Poloniny (Slovensko)  |2 snkbucl  |9 74709 
773 0 |t Tatry  |g Roč. XLIII, č. 6 (2004), s. 8-9  |x 1335-6828 
852 |a SNK  |b KIS3GCP 
999 |c 1392621  |d 1394551